00480nam a2200193Ia 4500003000400000005001700004008004100021040000700062041000800069082001900077100002000096245004700116260003800163300001400201365001400215440000600229650002900235650002200264OSt20230509165317.0210423s1997 xx 000 0 und d cAL aeng a323 223bSUBH aSUBRAMANIAN (S) aHuman rights: international challenges V.1 aNew DelhibManas Publishingc1997 a3,325bPB b2200cINR v1 aCivil & Political Rights aPolitical Science